L'Ouganda pour les touristes... - Facile - Statistiques

Statistiques générales
  • Ce quiz a été pris 3 fois
  • Le résultat moyen est 13 sur 20
Statistiques - réponses
Question Indice Réponses Indice facile % Correct
Quelles sont les langues officielles ? Anglais
100%
Quelles sont les principaux lieux touristiques ? K Kampala APALKAM
100%
Ce pays est plus grand que la France (oui/non) Non
100%
3/ Autour de la taille Pagne ENGAP
100%
Quel est le régime du pays ? République R
100%
Quel pays a accordé son indépendance à celui-ci ? Royaume-Uni
100%
Quelles sont les langues officielles ? Swahili S
100%
Quels est le climat local ? T Tropical
100%
Dans la capitale quel est le décalage horaire avec Paris ? (+ ou - et chiffre) ex - 10 + 1
67%
La religion majoritaire est Christianisme C
67%
Achats à faire 2/ Paire de Sandales ASLDANES
67%
Quelle est la monnaie ? Shilling ougandais S
67%
Quelles sont les principaux lieux touristiques ? M Chutes de {Murchison} SOCIHRNMU
33%
Le principal aéroport est E Entebbe
33%
Quelles sont les principaux lieux touristiques ? B Forêt de {Bwindi} IIBNWD
33%
Quelles sont les principaux lieux touristiques ? K {Kazinga} Channel NKZIAGA
33%
Quelles sont les principaux lieux touristiques ? C Sanctuaire des {chimpanzés} de Ngamba island CMEPANHSZI
33%
Le suffixe internet est ug
33%
Achats à faire 1/ Tissu avec peinture naïve Batik KIBAT
0%
Code sur les plaques minéralogiques EAU
0%
Aucun quiz correspondant
Distribution des résultats
% des personnes avec chaque résultat
Percentile par nombre de réponses
Votre historique - résultats
Vous n’avez pas pris ce quiz